000 00751cab a2200241 4500
001 ABS49514
008 090401t1993 xxu||||| |||| 00| 0 eng d
035 _a(Sirsi) u71663
041 _aeng
100 _aPerry, P.
245 _aFreeholds - who qualifies?
260 _c1993
350 _a0
490 _aValuer (ISVA)
_v62(8) October 1993, 18(1)
520 _aExamines the criteria by which a tenant qualifies for the right to acquire the freehold of premises under the Leasehold Reform, Housing and Urban Development Act 1993.
650 _aENTITLEMENT
650 _aFREEHOLD
650 _aLEASEHOLD ENFRANCHISEMENT
690 _aLANDLORD AND TENANT-LEASEHOLD REFORM
700 _aGrainger, B.
942 _n0
948 _c04/03/1997
999 _c45210
_d45210